Statistics for Sights in Washington, DC

Click here to take the quiz!

General Stats

  • This quiz has been taken 14 times
  • The average score is 12 of 15

Answer Stats

Clue Landmark % Correct
Tallest building structure in #1, winksWashington Monument
100%
Giant former POTUS in a big chairLincoln Memorial
100%
President's official residenceWhite House
100%
Walls of 58,318 names angled at 125° 12′Vietnam Veterans Memorial
93%
Rotunda with writer of the DeclarationJefferson Memorial
93%
Famous military burial groundArlington National Cemetery
93%
Largest office building in the world, used by DODThe Pentagon
93%
Performing arts venue where Lincoln was shotFord's Theatre
86%
Tall monument to civil rights leaderMartin Luther King Jr. Memorial
79%
Largest book collection in the worldLibrary of Congress
79%
Offices of the US LegislatrueUS Capitol Building
71%
Body of water between #1 and #2Lincoln Memorial Reflecting Pool
57%
Location of Smithsonian MuseumsNational Mall
50%
Keeper of historical documentsNational Archives Building
50%
Monument with many quotes and water featuresFranklin Delano Roosevelt Memorial
14%

Score Distribution

Percentile by Number Answered

Percent of People with Each Score

Your Score History

You have not taken this quiz